000 00855nam a22002417a 4500
005 20180720104040.0
010 _aB-698575
020 _a9788131804285
_c550.00
035 _aB-698575
037 _bRK Books
082 _2Eleventh Edition
_a690
100 _aPunmia, B.C. .
245 _aBuilding Construction /
_cB.C.Punmia, Ashok K. Jain and Arun K. Jain
250 _a11th Edition
260 _aNew Delhi
_bLaxmi publication (P) LTD
_c2017
270 _a113,Goldev House, Driyaganj
_bNew Delhi
_e110002
300 _a664p.
_bill.
_c24x18 C.M.(pbk)
500 _aIndex
700 _ajain, Ashok kumer
710 _aJain, Arun kumar
942 _2ddc
_cEN
_h910
_mPUN
999 _c154267
_d154267